Score 0/16 Timer 03:00
3 Plays Today
Network Missing Word % Correct
HBOThrones
95.1%
AMCBad
93.1%
FXSunny
91.3%
AMCWalking
90.6%
NetflixArrested
87%
FXAnarchy
86.3%
FXAnger
85.7%
HBOEnthusiasm
84.6%
Network Missing Word % Correct
AMCMad
83.5%
HBOTrue
77.4%
FXHorror
75.9%
AMCWheels
71.1%
NetflixCards
70.3%
HBOBoardwalk
63.5%
NetflixOrange
47.2%
NetflixHemlock
15.8%

Today's Daily Dose

Remove Ads.
Support Sporcle.
Get the best of Sporcle when you Go Orange. This ad-free experience offers more features, more stats, and more fun while also helping to support Sporcle. Thank you for becoming a member.

You're not logged in!

Compare scores with friends on all Sporcle quizzes.
OR
Log In

Show Comments

Extras

Top Quizzes Today


Score Distribution

Your Account Isn't Verified!

In order to create a playlist on Sporcle, you need to verify the email address you used during registration. Go to your Sporcle Settings to finish the process.

Report this User

Report this user for behavior that violates our Community Guidelines.

Details: